| Tag |
First Indicator |
Second Indicator |
Subfields |
| LEADER |
00000cam a2200000 4500 |
| 001 |
in00000021225 |
| 005 |
20151007061019.0 |
| 008 |
720707s1962 nyuf 00000beng u |
| 010 |
|
|
|a 62008686
|
| 035 |
|
|
|a (OCoLC)00351014
|
| 035 |
|
|
|9 AAD0838AM
|
| 040 |
|
|
|c OUN
|d TXA
|d UtOrBLW
|
| 049 |
|
|
|a TXAM
|c [404175]
|
| 050 |
|
0 |
|a ML410.V4
|b W3
|
| 082 |
0 |
|
|a 927.8
|
| 092 |
|
|
|a 780.92
|b V484w
|
| 100 |
1 |
|
|a Walker, Frank,
|d 1907-1962.
|
| 245 |
1 |
4 |
|a The man Verdi.
|
| 264 |
|
1 |
|a New York :
|b Knopf,
|c 1962.
|
| 300 |
|
|
|a xiii, 526 pages :
|b plates. ;
|c 25 cm.
|
| 336 |
|
|
|a text
|b txt
|2 rdacontent
|
| 337 |
|
|
|a unmediated
|b n
|2 rdamedia
|
| 338 |
|
|
|a volume
|b nc
|2 rdacarrier
|
| 600 |
1 |
0 |
|a Verdi, Giuseppe,
|d 1813-1901.
|
| 999 |
|
|
|a MARS
|
| 999 |
f |
f |
|s 8a93f492-0a23-3ba8-8e0e-5efbaeabc2c5
|i 39a813f8-1a56-3f56-a930-6c11d03be43c
|t 0
|
| 952 |
f |
f |
|p ric
|a Texas A&M University
|b Rellis Campus
|c Joint Library Facility
|d Remote Storage
|t 0
|e ML410.V4 W3
|h Library of Congress classification
|i unmediated -- volume
|m A14801168345
|
| 998 |
f |
f |
|a ML410.V4 W3
|t 0
|l Remote Storage
|